Математическое моделирования процессов столкновения капель с неоднородным составом в газовой среде; Проблемы геологии и освоения недр; Т. 2

Detalles Bibliográficos
Parent link:Проблемы геологии и освоения недр=Problems of Geology and Subsurface Development: труды XXIV Международного симпозиума имени академика М. А. Усова студентов и молодых учёных, посвященного 75-летию Победы в Великой Отечественной войне, Томск, 6-10 апреля 2020 г./ Национальный исследовательский Томский политехнический университет, Инженерная школа природных ресурсов ; гл. ред. А. С. Боев ; под ред. Е. Ю. Пасечник.— , 2020
Т. 2.— 2020.— [С. 213-214]
Autor Principal: Федоренко Р. М. Роман Михайлович
Autor Corporativo: Национальный исследовательский Томский политехнический университет Инженерная школа энергетики Научно-образовательный центр И. Н. Бутакова (НОЦ И. Н. Бутакова)
Outros autores: Антонов Д. В. Дмитрий Владимирович (научный руководитель), Стрижак П. А. Павел Александрович
Summary:Заглавие с экрана
Idioma:ruso
Publicado: 2020
Series:Энергосбережение, автоматизация объектов нефтегазовой промышленности
Subjects:
Acceso en liña:http://earchive.tpu.ru/handle/11683/62972
Formato: MixedMaterials Electrónico Capítulo de libro
KOHA link:https://koha.lib.tpu.ru/cgi-bin/koha/opac-detail.pl?biblionumber=631492

MARC

LEADER 00000naa2a2200000 4500
001 631492
005 20241014141336.0
035 |a (RuTPU)RU\TPU\conf\33193 
035 |a RU\TPU\conf\33180 
090 |a 631492 
100 |a 20200904d2020 k y0rusy50 ca 
101 0 |a rus 
102 |a RU 
105 |a y z 100zy 
135 |a drcn ---uucaa 
181 0 |a i  
182 0 |a b 
200 1 |a Математическое моделирования процессов столкновения капель с неоднородным составом в газовой среде  |f Р. М. Федоренко, Д. В. Антонов  |g науч. рук. П. А. Стрижак 
203 |a Текст  |c электронный 
225 1 |a Энергосбережение, автоматизация объектов нефтегазовой промышленности 
300 |a Заглавие с экрана 
320 |a [Библиогр.: с. 214 (6 назв.)] 
338 |b Российский научный фонд  |d 18-71-10002 
461 1 |0 (RuTPU)RU\TPU\conf\32983  |t Проблемы геологии и освоения недр  |l Problems of Geology and Subsurface Development  |o труды XXIV Международного симпозиума имени академика М. А. Усова студентов и молодых учёных, посвященного 75-летию Победы в Великой Отечественной войне, Томск, 6-10 апреля 2020 г.  |o в 2 т.  |f Национальный исследовательский Томский политехнический университет, Инженерная школа природных ресурсов ; гл. ред. А. С. Боев ; под ред. Е. Ю. Пасечник  |d 2020 
463 1 |0 (RuTPU)RU\TPU\conf\32985  |t Т. 2  |v [С. 213-214]  |d 2020 
610 1 |a труды учёных ТПУ 
610 1 |a электронный ресурс 
610 1 |a математическое моделирование 
610 1 |a столкновения 
610 1 |a капли 
610 1 |a газовые среды 
610 1 |a жидкости 
610 1 |a неоднородность 
610 1 |a газокапельные потоки 
610 1 |a производственные процессы 
610 1 |a теплообмен 
700 1 |a Федоренко  |b Р. М.  |c специалист в области теплотехники  |c инженер-исследователь Томского политехнического университета, кандидат физико-математических наук  |f 1997-  |g Роман Михайлович  |y Томск  |9 88534 
701 1 |a Антонов  |b Д. В.  |c специалист в области теплоэнергетики  |c инженер-исследователь Томского политехнического университета  |f 1996-  |g Дмитрий Владимирович  |3 (RuTPU)RU\TPU\pers\46665 
702 1 |a Стрижак  |b П. А.  |c специалист в области теплоэнергетики  |c профессор Томского политехнического университета, доктор физико-математических наук  |f 1985-  |g Павел Александрович  |4 727 
712 0 2 |a Национальный исследовательский Томский политехнический университет  |b Инженерная школа энергетики  |b Научно-образовательный центр И. Н. Бутакова (НОЦ И. Н. Бутакова)  |3 (RuTPU)RU\TPU\col\23504 
801 2 |a RU  |b 63413507  |c 20201119  |g RCR 
856 4 |u http://earchive.tpu.ru/handle/11683/62972 
942 |c BK